<?xml version="1.0" encoding="UTF-8"?>
<collection xmlns="http://www.loc.gov/MARC21/slim">
 <record>
  <leader>00940cam a2200241 7i4500</leader>
  <controlfield tag="001">0000048083</controlfield>
  <controlfield tag="005">20131107090000.0</controlfield>
  <datafield tag="020" ind1="0" ind2="0">
   <subfield code="a">1891276220 (vol. 1) </subfield>
  </datafield>
  <datafield tag="020" ind1="0" ind2="0">
   <subfield code="a">1891276239 (vol. 2) </subfield>
  </datafield>
  <datafield tag="090" ind1="0" ind2="0">
   <subfield code="a">QL 366 </subfield>
   <subfield code="b">I4 2000</subfield>
  </datafield>
  <datafield tag="245" ind1="0" ind2="3">
   <subfield code="a">An illustrated guide to the protozoa : </subfield>
   <subfield code="b">organisms traditionally referred to as protozoa, or newly discovered groups  </subfield>
   <subfield code="c">edited by John J. Lee, Gordon F. Leedale, Phyllis Bradbury.</subfield>
  </datafield>
  <datafield tag="250" ind1="0" ind2="0">
   <subfield code="a">2nd ed..</subfield>
  </datafield>
  <datafield tag="260" ind1="0" ind2="0">
   <subfield code="a">Lawrence, Kan.: </subfield>
   <subfield code="b">Society of Protozoologists, </subfield>
   <subfield code="c">2000.</subfield>
  </datafield>
  <datafield tag="300" ind1=" " ind2=" ">
   <subfield code="a">2 v.: </subfield>
   <subfield code="b">ill.; </subfield>
   <subfield code="c">29 cm..</subfield>
  </datafield>
  <datafield tag="590" ind1=" " ind2=" ">
   <subfield code="a">Rujukan Kursus Jabatan Sains Biologi</subfield>
  </datafield>
  <datafield tag="650" ind1="0" ind2="0">
   <subfield code="a">Protozoa </subfield>
  </datafield>
  <datafield tag="700" ind1="1" ind2="1">
   <subfield code="a">Leedale, Gordon F. </subfield>
  </datafield>
  <datafield tag="700" ind1="1" ind2="1">
   <subfield code="a">Bradbury, Phyllis C. </subfield>
  </datafield>
  <datafield tag="700" ind1="1" ind2="1">
   <subfield code="a">Lee, </subfield>
   <subfield code="h">John J. </subfield>
  </datafield>
  <datafield tag="999" ind1=" " ind2=" ">
   <subfield code="a">1100040860</subfield>
   <subfield code="b">Book</subfield>
   <subfield code="c">Rujukan</subfield>
   <subfield code="e">KOLEKSI RUJUKAN</subfield>
  </datafield>
  <datafield tag="999" ind1=" " ind2=" ">
   <subfield code="a">1100040861</subfield>
   <subfield code="b">Book</subfield>
   <subfield code="c">Rujukan</subfield>
   <subfield code="e">KOLEKSI RUJUKAN</subfield>
  </datafield>
  <datafield tag="999" ind1=" " ind2=" ">
   <subfield code="a">1100046762</subfield>
   <subfield code="b">Book</subfield>
   <subfield code="c">Rujukan</subfield>
   <subfield code="e">KOLEKSI RUJUKAN</subfield>
  </datafield>
  <datafield tag="999" ind1=" " ind2=" ">
   <subfield code="a">1100046763</subfield>
   <subfield code="b">Book</subfield>
   <subfield code="c">Open Shelf</subfield>
   <subfield code="e">KOLEKSI TERBUKA</subfield>
  </datafield>
 </record>
</collection>
